000 00212nam a2200085Ia 4500
008 170620s9999 xx 000 0 und d
100 _aKapoor - S. K.
245 0 _aLaw of Torts &n Consumer Pro.
260 _bCentral Law Agency
260 _c2003
999 _c28797
_d28797